000
00273nam a2200109Ia 4500
008
190216s9999||||xx |||||||||||||| ||und||
100
_a
Davar Rs-Davar Ns
245
0
_a
Practical Book-Keeping And Accountancy
260
_b
Viswanathan S.
_c
1971
300
_a
5612p
942
_c
BK
999
_c
3906
_d
3906